[Event "Remote S7E High-136 email"]
[Site "Remote email"]
[Date "2012.11.20"]
[Round "?"]
[White "Tomek, Daniel"]
[Black "Sydlik, Joerg"]
[Result "1-0"]
[WhiteElo "2513"]
[BlackElo "2494"]
[PlyCount "41"]
[EventDate "2012.??.??"]
[EventType "tourn (corr)"]
[EventRounds "6"]
[EventCountry "GER"]
[SourceTitle "Corr 2015"]
[Source "ChessBase"]
[SourceDate "2015.07.17"]
[SourceVersion "1"]
[SourceVersionDate "2015.07.17"]
[SourceQuality "1"]

1. e4 e5 2. Bc4 Nf6 3. d4 exd4 4. Nf3 Nxe4 5. Qxd4 Nf6 6. Nc3 Nc6 7. Qd3 Be7 8. a3 d6 9. Bf4 0-0 10. 0-0-0 Ng4 11. Bg3 Nce5 12. Nxe5 Nxe5 13. Bxe5 dxe5 14. Qe2 Bd6 15. h4 Bd7 16. Bd5 Rb8 17. Ne4 Qe7 18. Kb1 Be6 19. h5 h6 20. g4 Bxd5 21. Rxd5 1-0

[Event "Remote 4 Seasons Autumn email"]
[Site "Remote email"]
[Date "2012.11.01"]
[Round "?"]
[White "Dorer, Manfred"]
[Black "Tomek, Daniel"]
[Result "1/2-1/2"]
[WhiteElo "2474"]
[BlackElo "2513"]
[PlyCount "54"]
[EventDate "2012.??.??"]
[EventType "tourn (corr)"]
[EventRounds "12"]
[EventCountry "GER"]
[SourceTitle "Corr 2015"]
[Source "ChessBase"]
[SourceDate "2015.07.17"]
[SourceVersion "1"]
[SourceVersionDate "2015.07.17"]
[SourceQuality "1"]

1. e4 c5 2. Nf3 Nc6 3. d4 cxd4 4. Nxd4 Nf6 5. Nc3 a6 6. Nxc6 dxc6 7. Qxd8+ Kxd8 8. Bc4 e6 9. Bg5 b5 10. Be2 e5 11. f4 Bd6 12. 0-0-0 Kc7 13. Bxf6 gxf6 14. f5 Rg8 15. g4 Rd8 16. Rd3 h6 17. Rhd1 Bb7 18. a4 Rac8 19. Bf1 Rd7 20. R3d2 Ra8 21. Kb1 Rad8 22. axb5 axb5 23. Na2 Bf8 24. Rxd7+ Rxd7 25. Rxd7+ Kxd7 26. Kc1 Bc5 27. Kd2 Kd6 1/2-1/2

[Event "Remote 4 Seasons Autumn email"]
[Site "Remote email"]
[Date "2012.11.01"]
[Round "?"]
[White "Faber, Hans Alban"]
[Black "Tomek, Daniel"]
[Result "1/2-1/2"]
[WhiteElo "2434"]
[BlackElo "2513"]
[PlyCount "51"]
[EventDate "2012.??.??"]
[EventType "tourn (corr)"]
[EventRounds "12"]
[EventCountry "GER"]
[SourceTitle "Corr 2015"]
[Source "ChessBase"]
[SourceDate "2015.07.17"]
[SourceVersion "1"]
[SourceVersionDate "2015.07.17"]
[SourceQuality "1"]

1. e4 c5 2. Nf3 d6 3. d4 cxd4 4. Nxd4 Nf6 5. Nc3 a6 6. Be3 e5 7. Nb3 Be6 8. Qd2 Nbd7 9. 0-0-0 Be7 10. f3 b5 11. g4 0-0 12. g5 b4 13. Ne2 Ne8 14. f4 a5 15. f5 a4 16. fxe6 axb3 17. exf7+ Rxf7 18. Kb1 bxc2+ 19. Kxc2 Nb6 20. Ng3 d5 21. Bxb6 b3+ 22. axb3 Qxb6 23. Qxd5 Rd8 24. Qc4 Rxd1 25. Kxd1 Bxg5 26. Bd3 1/2-1/2

[Event "Remote 4 Seasons Autumn email"]
[Site "Remote email"]
[Date "2012.11.01"]
[Round "?"]
[White "Rosche, Ernst"]
[Black "Tomek, Daniel"]
[Result "1/2-1/2"]
[WhiteElo "2468"]
[BlackElo "2513"]
[PlyCount "53"]
[EventDate "2012.??.??"]
[EventType "tourn (corr)"]
[EventRounds "12"]
[EventCountry "GER"]
[SourceTitle "Corr 2015"]
[Source "ChessBase"]
[SourceDate "2015.07.17"]
[SourceVersion "1"]
[SourceVersionDate "2015.07.17"]
[SourceQuality "1"]

1. e4 c5 2. Nf3 d6 3. d4 cxd4 4. Nxd4 Nf6 5. Nc3 a6 6. Be3 e5 7. Nb3 Be6 8. f3 Nbd7 9. Qd2 h5 10. Nd5 Nxd5 11. exd5 Bf5 12. Be2 Qh4+ 13. Bf2 Qf6 14. Bd3 Be7 15. 0-0 0-0 16. Na5 Rab8 17. a4 Qg6 18. Bxf5 Qxf5 19. Nc4 Rbc8 20. b3 Bg5 21. Be3 Bxe3+ 22. Nxe3 Qg6 23. Rae1 f5 24. f4 e4 25. Nc4 Rc5 26. a5 Rfc8 27. Ne3 1/2-1/2

[Event "Remote 4 Seasons Autumn email"]
[Site "Remote email"]
[Date "2012.11.01"]
[Round "?"]
[White "Tomek, Daniel"]
[Black "Pohlig, Bernd"]
[Result "1/2-1/2"]
[WhiteElo "2513"]
[BlackElo "2480"]
[PlyCount "54"]
[EventDate "2012.??.??"]
[EventType "tourn (corr)"]
[EventRounds "12"]
[EventCountry "GER"]
[SourceTitle "Corr 2015"]
[Source "ChessBase"]
[SourceDate "2015.07.17"]
[SourceVersion "1"]
[SourceVersionDate "2015.07.17"]
[SourceQuality "1"]

1. e4 c5 2. Nf3 Nc6 3. d4 cxd4 4. Nxd4 Nf6 5. Nc3 e5 6. Ndb5 d6 7. Bg5 a6 8. Na3 b5 9. Bxf6 gxf6 10. Nd5 f5 11. Bd3 Be6 12. 0-0 Bxd5 13. exd5 Ne7 14. Nxb5 Bg7 15. Nc3 e4 16. Bc4 0-0 17. Qh5 Qc7 18. Bb3 Bxc3 19. bxc3 f4 20. Ba4 Qxc3 21. Rae1 f5 22. Qg5+ Ng6 23. Bd7 Qe5 24. Be6+ Kh8 25. Rb1 Ra7 26. Rb3 f3 27. gxf3 Nf4 1/2-1/2

[Event "Remote S7 Top 59 email"]
[Site "Remote email"]
[Date "2012.04.16"]
[Round "?"]
[White "Tomek, Daniel"]
[Black "Kleinert, Stefan"]
[Result "1/2-1/2"]
[WhiteElo "2500"]
[BlackElo "2485"]
[PlyCount "116"]
[EventDate "2012.??.??"]
[EventType "tourn (corr)"]
[EventRounds "6"]
[EventCountry "GER"]
[SourceTitle "Corr 2015"]
[Source "ChessBase"]
[SourceDate "2015.07.17"]
[SourceVersion "1"]
[SourceVersionDate "2015.07.17"]
[SourceQuality "1"]

1. e4 Nc6 2. Nf3 e6 3. d4 d5 4. e5 f6 5. Bb5 Nge7 6. exf6 gxf6 7. 0-0 a6 8. Be2 Bg7 9. Re1 0-0 10. c4 f5 11. Bg5 dxc4 12. Bxc4 h6 13. Bxe7 Qxe7 14. Nc3 Qd6 15. Ne2 Na5 16. Bb3 b6 17. g3 Nxb3 18. Qxb3 Bb7 19. Nf4 Rae8 20. Ne5 Bxe5 21. Rxe5 Qc6 22. d5 exd5 23. Rxd5 Kh7 24. Rad1 Re7 25. f3 a5 26. R5d3 Rff7 27. a4 Qf6 28. Kg2 Qe5 29. R1d2 Qe1 30. Rf2 Ba6 31. Rd1 Qe5 32. Rd5 Qf6 33. Rfd2 Qc6 34. Qd1 Re8 35. Rc2 Qxa4 36. Rxf5 Ree7 37. Rxf7+ Rxf7 38. Qc1 c5 39. Rd2 Rd7 40. Nd5 Kg6 41. Rd1 Bc8 42. b4 Qb3 43. Rd3 Qa2+ 44. Rd2 Qb3 45. Nxb6 Bb7 46. Qc2+ Qxc2 47. Rxc2 Rf7 48. bxa5 Rxf3 49. Kg1 Ra3 50. Rxc5 Ra1+ 51. Kf2 Ra2+ 52. Ke3 Rxh2 53. Rc7 Bh1 54. Kd4 Rd2+ 55. Ke5 Rd3 56. g4 Ra3 57. Nc4 Ra4 58. Ke6 Kg5 1/2-1/2

[Event "Remote S7E High-122 email"]
[Site "Remote email"]
[Date "2012.03.25"]
[Round "?"]
[White "Faber, Hans Alban"]
[Black "Tomek, Daniel"]
[Result "0-1"]
[WhiteElo "2460"]
[BlackElo "2495"]
[PlyCount "116"]
[EventDate "2012.??.??"]
[EventType "tourn (corr)"]
[EventRounds "6"]
[EventCountry "GER"]
[SourceTitle "Corr 2015"]
[Source "ChessBase"]
[SourceDate "2015.07.17"]
[SourceVersion "1"]
[SourceVersionDate "2015.07.17"]
[SourceQuality "1"]

1. e4 c5 2. Nf3 d6 3. d4 cxd4 4. Nxd4 Nf6 5. Nc3 a6 6. Bg5 e6 7. Qf3 Bd7 8. 0-0-0 Nc6 9. Be2 h6 10. Bxf6 Qxf6 11. Qxf6 gxf6 12. Kb1 Rc8 13. Nxc6 Rxc6 14. Rd3 Rc5 15. Rhd1 h5 16. b4 Rc7 17. Kb2 Bg7 18. Kb3 Ke7 19. Rg3 Rhc8 20. Rdd3 Bh6 21. Bxh5 a5 22. bxa5 Rc5 23. Be2 Bf4 24. Rgf3 Be5 25. a4 Rxa5 26. Rde3 d5 27. exd5 exd5 28. Nb5 b6 29. Bd3 Rca8 30. Nc7 Bxa4+ 31. Kb4 Rd8 32. Rh3 Kd7 33. Nxd5 Bd6+ 34. Kc4 Rc8+ 35. Kd4 Bc5+ 36. Ke4 Bc6 37. c4 Bxe3 38. Rxe3 Bxd5+ 39. cxd5 Re8+ 40. Kf4 Rxe3 41. Kxe3 Rxd5 42. g4 b5 43. h4 b4 44. Bc4 Re5+ 45. Kd4 Ke7 46. Bd3 Re1 47. Kc4 Rh1 48. Kxb4 Rxh4 49. Kc3 Rxg4 50. Kd2 Ke6 51. Ke3 Ke5 52. Bb5 f5 53. Be8 f6 54. Kf3 Rc4 55. Bg6 Rc7 56. Be8 Rc3+ 57. Kg2 Rc8 58. Bd7 Rc7 0-1

[Event "Remote S7E High-122 email"]
[Site "Remote email"]
[Date "2012.03.25"]
[Round "?"]
[White "Figura, Atila Gajo"]
[Black "Tomek, Daniel"]
[Result "0-1"]
[WhiteElo "2325"]
[BlackElo "2495"]
[PlyCount "74"]
[EventDate "2012.??.??"]
[EventType "tourn (corr)"]
[EventRounds "6"]
[EventCountry "GER"]
[SourceTitle "Corr 2015"]
[Source "ChessBase"]
[SourceDate "2015.07.17"]
[SourceVersion "1"]
[SourceVersionDate "2015.07.17"]
[SourceQuality "1"]

1. d4 Nf6 2. c4 e6 3. Nf3 d5 4. g3 dxc4 5. Bg2 a6 6. 0-0 Nc6 7. e3 Bd7 8. Qe2 b5 9. Rd1 Bb4 10. b3 cxb3 11. axb3 0-0 12. Ne5 Nd5 13. Nd3 Be7 14. Bb2 Ncb4 15. Nc5 c6 16. e4 Nf6 17. Nd2 Qc7 18. e5 Nfd5 19. Nde4 a5 20. Qg4 Kh8 21. Bf1 Bc8 22. h4 Ra7 23. Qh5 Bd8 24. Rdc1 Qe7 25. Qe2 f5 26. exf6 gxf6 27. Re1 Rg8 28. Bg2 f5 29. Ng5 f4 30. Kh1 Qf6 31. Nge4 Qh6 32. h5 Qf8 33. Bh3 Re7 34. Rg1 f3 35. Qd2 Bc7 36. Rae1 Reg7 37. Rgf1 Rg4 0-1

[Event "Remote S7E High-122 email"]
[Site "Remote email"]
[Date "2012.03.25"]
[Round "?"]
[White "Tomek, Daniel"]
[Black "Leisebein, Peter"]
[Result "1-0"]
[WhiteElo "2495"]
[BlackElo "2405"]
[PlyCount "113"]
[EventDate "2012.??.??"]
[EventType "tourn (corr)"]
[EventRounds "6"]
[EventCountry "GER"]
[SourceTitle "Corr 2015"]
[Source "ChessBase"]
[SourceDate "2015.07.17"]
[SourceVersion "1"]
[SourceVersionDate "2015.07.17"]
[SourceQuality "1"]

1. e4 e5 2. Nf3 Nc6 3. Bb5 f5 4. Nc3 fxe4 5. Nxe4 Nf6 6. Nxf6+ Qxf6 7. Qe2 Be7 8. Bxc6 bxc6 9. Nxe5 0-0 10. 0-0 Qe6 11. Re1 Bc5 12. Nf3 Qxe2 13. Rxe2 d5 14. d4 Bd6 15. Ne5 Ba6 16. Nd3 c5 17. dxc5 Bxc5 18. Be3 Rfe8 19. Ree1 Bd6 20. Rad1 Rac8 21. f3 c5 22. c3 Kf7 23. Kf2 Bb5 24. Bf4 Rxe1 25. Rxe1 Bxd3 26. Bxd6 Rc6 27. Re7+ Kf6 28. Re3 Bb1 29. Be5+ Kf7 30. a3 a5 31. b4 axb4 32. axb4 cxb4 33. cxb4 g5 34. g4 Rb6 35. Rb3 Ba2 36. Rb2 Bc4 37. Bd4 Rb7 38. Kg3 Kg6 39. h4 gxh4+ 40. Kxh4 Rf7 41. Kg3 Rb7 42. f4 h5 43. f5+ Kg5 44. Be3+ Kf6 45. Kf4 hxg4 46. Bd4+ Kf7 47. Bc5 Rd7 48. Rd2 Kf6 49. Bd4+ Kf7 50. Rh2 Re7 51. Rh7+ Ke8 52. Rxe7+ Kxe7 53. Kxg4 Be2+ 54. Kf4 Bb5 55. Ke5 Bc4 56. f6+ Kd7 57. Bb6 1-0

[Event "Remote S7 Top 59 email"]
[Site "Remote email"]
[Date "2012.02.16"]
[Round "?"]
[White "Tomek, Daniel"]
[Black "Heinrich, Olaf Wittmund"]
[Result "1-0"]
[WhiteElo "2500"]
[BlackElo "2414"]
[PlyCount "95"]
[EventDate "2012.??.??"]
[EventType "tourn (corr)"]
[EventRounds "6"]
[EventCountry "GER"]
[SourceTitle "Corr 2015"]
[Source "ChessBase"]
[SourceDate "2015.07.17"]
[SourceVersion "1"]
[SourceVersionDate "2015.07.17"]
[SourceQuality "1"]

1. e4 e5 2. Nf3 Nc6 3. Bc4 Bc5 4. c3 Nf6 5. d3 d6 6. h3 0-0 7. 0-0 Bb6 8. a4 h6 9. Nbd2 a5 10. Re1 Qe7 11. Bb5 Ba7 12. Nf1 Be6 13. Ng3 Qd8 14. b3 Re8 15. Ba3 Bd7 16. d4 Nh7 17. Bc1 Nf6 18. Ra2 exd4 19. cxd4 d5 20. e5 Nh7 21. Rae2 Nf8 22. Nh5 Bf5 23. Bxh6 gxh6 24. Nf6+ Kg7 25. Nh4 Bg6 26. Nxg6 Nxg6 27. Bxc6 bxc6 28. Nxe8+ Qxe8 29. e6 Qe7 30. exf7 Qxf7 31. h4 Kg8 32. h5 Nf4 33. Re5 Qg7 34. Qf3 Rf8 35. Re8 Kh7 36. Rxf8 Qxf8 37. Kf1 Bxd4 38. g3 Ne6 39. Qxf8 Nxf8 40. Re7+ Kg8 41. Rxc7 c5 42. Rc6 Kg7 43. Ke2 Kf7 44. Rxh6 Bf6 45. g4 Kg7 46. g5 Bxg5 47. Rd6 Be7 48. Rxd5 1-0